100 Most Popular Baby Girl Names Starting with F in the UK, 2021 - Statistics

General Stats
  • This quiz has been taken 286 times
  • The average score is 23 of 100
Answer Stats
Name % Correct
Flo
91%
Florence
88%
Frances
88%
Flora
86%
Fiona
85%
Fraya
84%
Freya
84%
Francesca
80%
Fay
73%
Felicity
71%
Franki
64%
Faye
63%
Frankie
63%
Faatima
60%
Farrah
60%
Fatima
60%
Frankee
60%
Faith
58%
Fern
56%
Fia
51%
Felicia
46%
Freda
44%
Finn
40%
Fleur
39%
Farah
38%
Frida
38%
Finley
36%
Francine
35%
Fallon
31%
Florrie
31%
Flossie
29%
Fawn
28%
Ffion
28%
Fae
26%
Flori
26%
Fearne
21%
Freyja
18%
Fenella
17%
Francisca
17%
Freida
17%
Freja
16%
Forrest
15%
Frederica
15%
Frieda
15%
Faatimah
13%
Fatimah
13%
Flavia
13%
Forest
13%
Ferne
12%
Fiorella
11%
Fiadh
10%
Freya-Rose
10%
Florentina
9%
Florie
9%
Faiza
8%
Freya-Mae
8%
Fayth
7%
Florina
7%
Favour
6%
Frankie-Rose
6%
Freyah
6%
Farida
5%
Fatema
5%
Fathima
5%
Floriana
5%
Frankie-Mae
5%
Fariah
4%
Fatma
4%
Fatoumata
4%
Freya-Grace
4%
Federica
3%
Finola
3%
Faigy
2%
Frankie-Rae
2%
Faaizah
1%
Faatiha
1%
Faizah
1%
Fajar
1%
Fajr
1%
Fareeha
1%
Fariha
1%
Fatiha
1%
Fiza
1%
Frankie-Leigh
1%
Freidy
1%
Fabiha
0%
Faiqa
0%
Falak
0%
Falaq
0%
Fareedah
0%
Faryal
0%
Feigy
0%
Fflur
0%
Filza
0%
Firdaus
0%
Fiyinfoluwa
0%
Florence-Ivy
0%
Frankie-Louise
0%
Freya-Louise
0%
Frimet
0%
No matching quizzes found
Score Distribution
Percent of People with Each Score
Percentile by Number Answered
Your Score History
You have not taken this quiz